000 00442nam a2200181Ia 4500
001 15933
005 20260306170232.0
008 260306t2015||||xx |||||||||||||| ||und||
041 _aESP
082 _a620.82
_bM84 V. 2
100 _aMondelo, Pedro R.
_eAUT
245 0 _aErgonomía 2:
_bconfort y estrés térmico
260 _c2015
300 _a209 páginas :
_c25 cm.
650 _aGEN
654 _aCII
942 _cLIB
_dJUS
_fJUS
_2ddc
_n
999 _c15933
_d15933